| 000 | 00855nas a2200301 4500 | ||
|---|---|---|---|
| 001 | BR0604072 | ||
| 003 | BR-BrBNA | ||
| 005 | 20231205110329.0 | ||
| 007 | ta | ||
| 008 | 230509b bl.|||p| |||| 00| 00por d | ||
| 040 |
_aBR-BrBNA _bpor _cBiblioteca Nacional de Agricultura |
||
| 041 | _a(Pt) | ||
| 072 | _aF61; F62 | ||
| 100 | 1 | _aCarpentieri-Pípolo, V. | |
| 100 | 1 | _aAssis, J.S. | |
| 100 | 1 | _aGarcia, I.P. | |
| 245 | 1 | _aEfeito de doses de calcário e boro no crescimento do girassol (Helianthus annuus L.) | |
| 650 | _aGIRASSOL | ||
| 650 | _aCALCÁRIO | ||
| 650 | _aBORO | ||
| 650 | _aCRESCIMENTO | ||
| 650 | _aNUTRIÇÃO VEGETAL | ||
| 650 | _aMATÉRIA SECA | ||
| 650 | _aPH | ||
| 773 | 0 |
_tSemina (Brazil) _xISSN 0101-3742 _g(Mar 1999), v. 20(1) p. 64-66 _wBR0604072 |
|
| 909 |
_a202311 _bLúcia _c55 _dLúcia Elande |
||
| 942 |
_2AGRIS _n0 _cANA |
||
| 999 |
_c186995 _d186995 |
||